00291nam a2200121Ia 4500008004100000082001800041100002000059245003000079250000900109260002400118300001000142650001700152150201s2012 xx 000 0 und d a612.015bB12M aMALHOTRA , V.K. aBIOCHEMISTRY FOR STUDENTS a12TH bJAYPEEaDELHIc2012 a1-406 aBIOCHEMISTRY